Les simpson - de A à Z. - Statistiques

Statistiques générales
  • Ce quiz a été pris 7 419 fois
    2 626 depuis la dernière actualisation
  • Le résultat moyen est 14 sur 24
Statistiques - réponses
Lettre Question Réponse % Correct
A Prénom du père d'Homer. Abraham
92%
D Nom de la bière de laquelle raffole Homer. Duff
92%
K Prénom du clown, idole de Bart. Krusty
90%
R Couleur de la célèbre voiture d'Homer. Rose
81%
C Objet qu'un médecin retrouve dans le cerveau d'Homer, qui serait à l’origine de sa bêtise. Crayon
77%
B Nom du chat de la famille Simpson. Boule de neige
75%
L Acolyte de Karl. Lenny
75%
E Nom avec lequel Bart signe ses "graffitis". El Barto
74%
P Nom du chien de la famille. Petit papa noël
74%
G Nom du créateur de la série. Matt Groening
72%
T Ennemi juré de Bart, qui essaie de le tuer à plusieurs reprises. Tahiti Bob
72%
F Chaine Américaine sur laquelle la série a été diffusé pour la première fois. Fox
69%
M Prénom de la première femme de Flanders, qui meurt en tombant du haut d'un stade. Maude
63%
V Nom de famille de Milhouse, le meilleur ami de Bart. Van Houten
54%
W Nom du chef de la police, prénommé Clancy. Wiggum
53%
H Nom du médecin de la ville. Julius Hibbert
50%
Q Nom du maire de la ville. Joe Quimby
49%
O État dans lequel se Portland, ville qui aurait inspiré la ville de Springfield. Orégon
38%
S Nom de la ville voisine rivale de Springfield. Shelbyville
38%
I Nom de l'équipe de Baseball de la ville. Isotopes de Springfield
33%
Z Nom de famille d'Artie, camarade de promotion de Marge avec qui elle est allée au bal de promo. Ziff
31%
J Deuxième prénom d'Homer. Jay
30%
N (question à mille points !!! ) , le nom de famille d'Apu et Manjula Nahasapeemapetilon
15%
U Prénom de l'étudiant étranger allemand de l'école de Bart et Lisa. Uter
13%
Aucun quiz correspondant
Distribution des résultats
% des personnes avec chaque résultat
Percentile par nombre de réponses
Votre historique - résultats
Vous n’avez pas pris ce quiz depuis la dernière actualisation